El Derecho divino de los reyes y tres ensayos adicionales / (Record no. 63755)

MARC details
000 -LEADER
campo de control de longitud fija 00752nam a2200217 i 4500
001 - NÚMERO DE CONTROL
campo de control 63755
003 - IDENTIFICADOR DE NÚMERO DE CONTROL
campo de control ES-MaACL
005 - FECHA Y HORA DE LA ÚLTIMA TRANSACCIÓN
campo de control 20250829042911.0
007 - CAMPO FIJO DE DESCRIPCIÓN FÍSICA--INFORMACIÓN GENERAL
campo de control de longitud fija t|
008 - DATOS DE LONGITUD FIJA--INFORMACIÓN GENERAL
campo de control de longitud fija 031216s1942 mx ||||1| spa d
100 1# - ENTRADA PRINCIPAL--NOMBRE DE PERSONA
Nombre de persona Figgis, John Neville.
9 (RLIN) 50741
245 13 - MENCIÓN DEL TÍTULO
Título El Derecho divino de los reyes y tres ensayos adicionales /
Mención de responsabilidad, etc. John Neville Figgis ; versión española por Edmundo O'Gorman.
250 ## - MENCION DE EDICION
Mención de edición [1ª ed. española].
260 ## - PUBLICACIÓN, DISTRIBUCIÓN, ETC.
Lugar de publicación, distribución, etc. México :
Nombre del editor, distribuidor, etc. Fondo de Cultura Económica,
Fecha de publicación, distribución, etc. 1942 (
Fabricante Panamericana)
300 ## - DESCRIPCIÓN FÍSICA
Extensión 326 p. ;
Dimensiones 24 cm.
490 1# - MENCIÓN DE SERIE
Mención de serie Grandes estudios ;
Designación de volumen o secuencia 3
700 1# - ENTRADA AGREGADA--NOMBRE PERSONAL
Nombre de persona O'Gorman, Edmundo.
9 (RLIN) 86329
830 00 - PUNTO DE ACCESO ADICIONAL DE SERIE-TÍTULO UNIFORME
Título uniforme Colección grandes estudios
Designación de volumen o secuencia 3
9 (RLIN) 220949
852 ## - LOCALIZACIÓN
Ubicación ES-MaACL
Número de control de estantería D-7249
Sublocalización o colección R.29370
Holdings
Estatus retirado Estado de pérdida Estado de daño No para préstamo Biblioteca de origen Biblioteca actual Ubicación en estantería Fecha de adquisición Fuente de adquisición Total de préstamos Signatura topográfica completa Código de barras Visto por última vez Precio de reemplazo Tipo de ítem Koha
        Biblioteca del Ateneo de Madrid Biblioteca del Ateneo de Madrid Sala Valle Inclán 17/01/2008     D-7249 901066816 23/02/2023 23/02/2023 Libro impreso